| 000 | 00825nam a22001937a 4500 | ||
|---|---|---|---|
| 999 |
_c21956 _d21956 |
||
| 003 | AR-CdUCM | ||
| 008 | 190319b ||||| |||| 00| 0 spa d | ||
| 040 |
_aMUNICIPALIDAD PROVINCIAL DEL CUSCO _cBIBLIOTECA MUNICIPAL DEL CUSCO |
||
| 082 |
_a869.56/S2471H _bS2471H _2segunda |
||
| 100 |
_aSánchez Sánchez, Carlos J _946982 |
||
| 245 |
_aEl holocausto de todos los tiempos : _bel rapto de nuestro continente ancestral, el genocidio de los incas, el aniquilamiento de los "indios" de las américas / _cCarlos J. Sánchez Sánchez |
||
| 260 |
_aLima : _bConsorcio Gráfico Master Printing, _c2021. |
||
| 300 |
_a625 Páginas. : _bilustraciones (algunas col.), mapas ; _c20 cm. |
||
| 650 |
_aNovelas peruanas _9545 |
||
| 650 |
_aIncas en la literatura _946987 |
||
| 650 |
_aSiglo XX _946988 |
||
| 942 |
_2ddc _cLIBROS |
||
| 945 | _arac | ||